Statistics for Actors Who've Played the Joker

Click here to take the quiz!

General Stats

  • This quiz has been taken 141 times
  • The average score is 5 of 7

Answer Stats

AppearanceActor% Correct
The Dark KnightHeath Ledger
96%
Joker (Arthur Fleck)Joaquin Phoenix
93%
Batman (1989)Jack Nicholson
85%
Suicide SquadJared Leto
81%
Batman The Animated SeriesMark Hamill
70%
Batman TV series (1966-68) and Batman (1966)Cesar Romero
63%
Gotham (Jerome Valeska)Cameron Monaghan
32%

Score Distribution

Percentile by Number Answered

Percent of People with Each Score

Your Score History

You have not taken this quiz